LEADER 01140nam2 2200349 450 001 990000809910203316 035 $a0080991 035 $aUSA010080991 035 $a(ALEPH)000080991USA01 035 $a0080991 100 $a20011220d1988----km-y0itay0103----ba 101 $aita 102 $aIT 105 $a||||||||001yy 200 1 $aDelle battaglie, tavole militari, discorso della guerra contro il Turco...$v2$fedizione critica a cura di Raimondo Luraghi 210 $aRoma$cUfficio storico Stato maggiore esercito$d1988 215 $a651 p$d26 cm 410 $12001 461 1$10010080989$12001$a<> opere di Raimondo Montecuccoli 676 $a355 700 1$aMONTECUCCOLI,$bRaimondo$0452169 702 1$aLURAGHI,$bRaimondo 801 0$aIT$bsalbc$gISBD 912 $a990000809910203316 951 $aIG XVII S 56 2$b77069 EC$cIG XVII S 959 $aBK 969 $aUMA 979 $aPATTY$b90$c20011220$lUSA01$h0927 979 $c20020403$lUSA01$h1727 979 $aPATRY$b90$c20040406$lUSA01$h1656 996 $aDelle battaglie, tavole militari, discorso della guerra contro il Turco..$9966790 997 $aUNISA LEADER 00975nam0-22003371i-450 001 990000512420403321 005 20190412132809.0 010 $a88-214-0800-0 035 $a000051242 035 $aFED01000051242 035 $a(Aleph)000051242FED01 035 $a000051242 100 $a20020821d1986----km-y0itay50------ba 101 1 $aita$cfre 105 $aa-------001yy 200 1 $aProgrammare in LISP$fHenri Farreny$gedizione italiana e traduzione a cura di Alberto Silvestri 210 $aMilano$cMasson Italia$d1986 215 $a113 p.$cill.$d21 cm 225 1 $aABC di informatica 610 0 $aLinguaggi di programmazione$aLISP 676 $a005.133 700 1$aFarreny,$bHenri$0334689 801 0$aIT$bUNINA$gRICA$2UNIMARC 901 $aBK 912 $a990000512420403321 952 $a10 P.T. 560$b1752 DIS$fDINEL 952 $a02 54 C 26$b5729$fFINBN 959 $aFINBN 959 $aDINEL 996 $aProgrammare in LISP$9330511 997 $aUNINA